Women in higher education IFUW advocacy, research and action : Summary prepared for World Conference on Higher Education
| Ente Autore: | |
|---|---|
| Natura: | Libro |
| Pubblicazione: |
Geneva, Suiza :
IFUW,
1998?
|
| Soggetti: |
MARC
| LEADER | 00000nam a2200000Ia 4500 | ||
|---|---|---|---|
| 008 | 180426b1998 s ||||| |||| 00| | e d | ||
| 999 | |c 1823 |d 1823 | ||
| 090 | |a 06.03.06 |b 673 | ||
| 110 | 2 | |a International Federation of University Women |9 3613 | |
| 245 | 1 | 0 | |a Women in higher education IFUW advocacy, research and action : Summary prepared for World Conference on Higher Education |
| 260 | |a Geneva, Suiza : |b IFUW, |c 1998? | ||
| 300 | |a 17 páginas | ||
| 650 | 1 | 4 | |a EDUCACIÓN SUPERIOR |9 8 |
| 650 | 1 | 4 | |a MUJERES |9 55 |
| 650 | 1 | 4 | |a INVESTIGACIÓN |9 163 |
| 942 | |i 001097 |h 06.03.06 673 |2 z |c 01 | ||
